| 000 | 01174nam0a22002771 4500 | ||
|---|---|---|---|
| 001 | rc\2774975 | ||
| 005 | 20250810045235.0 | ||
| 035 | _a(NLR Aleph) 006901277 | ||
| 090 |
_a7250168 _c7250168 |
||
| 100 | _a20110915d1941 u y0rusy50 ca | ||
| 101 | 0 | _arus | |
| 102 | _aRU | ||
| 105 | _ay i ||||| | ||
| 200 | 1 |
_aКонсультация по проверке и анализу годовых отчетов и балансов за 1940 год по основной деятельности артелей промысловой кооперации и кооперации инвалидов _fСост. П. Г. Вотин, Д. С. Моляков, П. В. Лебедев _gНар. ком. финансов РСФСР |
|
| 210 |
_aМосква _cтип. изд-ва "Моск. большевик" _d1941 |
||
| 215 |
_a25, [2] с. _d21 см. |
||
| 700 | 1 |
_aВотин _bП.Г. |
|
| 701 | 1 |
_aЛебедев _bП.В. |
|
| 701 | 1 |
_aМоляков _bД.С. |
|
| 801 | 0 |
_aRU _bNLR _gpsbo |
|
| 801 | 1 |
_aRU _bELAR _2rusmarc |
|
| 852 |
_aNLR _jЭк90 Г-4/26 |
||
| 942 | _cBOOK | ||
| 945 | _aРоссийская национальная библиотека | ||
| 980 | _aNB | ||
| 980 | _aBV | ||